La sinfonía pastoral

Spremljeno u:
Bibliografski detalji
Glavni autor: Gide, André
Format: Knjiga
Jezik:Undetermined
Izdano: Buenos Aires, Argentina Poseidon 1948
Izdanje:4
Teme:
Oznake: Dodaj oznaku
Bez oznaka, Budi prvi tko označuje ovaj zapis!

MARC

LEADER 00000nam a2200000Ia 4500
008 170316s9999 xx 000 0 und d
040 |a cru BVZT 
090 |a 840 G-6s 
100 |a Gide, André 
245 |a La sinfonía pastoral 
250 |a 4 
260 |a Buenos Aires, Argentina 
260 |b Poseidon 
260 |c 1948 
300 |a 152 páginas 
650 |a LITERATURA FRANCESA 
999 |c 7724  |d 7724 
942 |c 15 D  |h 840 G-6s  |2 z